000 00471cam a2200193ua 4500
001 7095
008 141125n ii |||gr||||Z||||||eng
020 _a9788127238278
040 _cMAIN
041 _aeng
082 _a338
100 _aLekhi, R.K.,
_eAuthor.
245 1 _aDevelopment and environmental economics
_cBy R.K. Lekhi
250 _a2nd rev.
260 _aNew Delhi:
_bKalyani,
_c2011.
300 _a549p.
653 _aEnvironmental economics
942 _cBK
999 _c6222
_d6222